000 01011ngm a2200253 a 4500
003 BLK
005 20230816163708.0
007 mr ba |ka|daaaac
008 230816b bu |||||r|||| s0| m|bu d
024 _a3800904010504
040 _aBLK
041 _aBUL
_cBUL
080 _aДокументални филми
_b791.229
_z791.229
245 _aПоходът на императорите
_cрежисьор и сценарист Люк Жаке ; музика: Емили Симон
_hDVD
260 _9214444
_aСофия
_bАлександра видео
_c2006
300 _a(83 мин.)
_bцв. ; зв.
_c12 см
380 _a7
500 _aИзт.: Загл. екран ; Етикет ; Обложка. - Дигитално изд.
511 _aМайкъл Пеня, Дани Глоувър, Кейт Мара и др.
852 _aЦб CD 5176
_bИП
856 _i0.00
_ldisable
942 _cCDD
_n0
944 _cГеновева Генчева
_k30560
_lГеновева Генчева
_a30560
999 _c494490
_d494490